Library Banner

Martial law kay qaidi = مارشل لاء کے قیدی/ (Record no. 99050)

MARC details
000 -LEADER
fixed length control field 00451nam a22001457a 4500
005 - DATE AND TIME OF LATEST TRANSACTION
control field 20230516095211.0
008 - FIXED-LENGTH DATA ELEMENTS--GENERAL INFORMATION
fixed length control field 171010b xxu||||| |||| 00| 0 eng d
040 ## - CATALOGING SOURCE
Transcribing agency PK-LaUMT
082 ## - DEWEY DECIMAL CLASSIFICATION NUMBER
Classification number PKAC 320.95491
Item number PER-M
100 ## - MAIN ENTRY--PERSONAL NAME
Personal name Parveen Khan = پروین خان
245 ## - TITLE STATEMENT
Title Martial law kay qaidi = مارشل لاء کے قیدی/
Statement of responsibility, etc by Parveen Khan = پروین خان
260 ## - PUBLICATION, DISTRIBUTION, ETC. (IMPRINT)
Place of publication, distribution, etc Lahore :
Name of publisher, distributor, etc Duff Publishers,
Date of publication, distribution, etc 1987
300 ## - PHYSICAL DESCRIPTION
Extent 304 p.
942 ## - ADDED ENTRY ELEMENTS (KOHA)
Koha item type Books
Holdings
Withdrawn status Lost status Damaged status Home library Current library Date acquired Full call number Barcode Date last seen Price effective from Koha item type
      UMT Main Campus UMT Main Campus 2017-10-10 PKAC 320.95491 PER-M 114822 2017-10-10 2017-10-10 Books